240 Capitales Très Difficiles - Statistiques

Statistiques générales
  • Ce quiz a été pris 21 fois
    11 depuis la dernière actualisation
  • Le résultat moyen est 12 sur 45
Statistiques - réponses
Hint Réponse % Correct
Mauritanie Nouakchott
80%
Cambodge Phnom Penh
80%
Guadeloupe Basse-Terre
70%
Kirghizistan Bichkek
70%
Martinique Fort-de-France
70%
Rwanda Kigali
70%
Lesotho Maseru
60%
Bhoutan Thimphou
60%
Brunei Bandar Seri Begawan
50%
Malawi Lilongwe
50%
Palaos Ngerulmud
50%
Polynésie française Papeete
50%
Antigua-et-Barbuda Saint John’s
50%
Saint-Pierre-et-Miquelon Saint-Pierre
50%
Îles Marshall Delap-Uliga-Darrit (Majuro)
40%
Saint-Kitts-et-Nevis Basseterre
30%
Palestine Ramallah (administrative) / Jérusalem-Est (revendiquée)
30%
Pitcairn Adamstown
20%
Îles Turques-et-Caïques Cockburn Town
20%
Îles Caïmans George Town
20%
Montserrat Plymouth (officielle) / Brades (temporaire)
20%
Jersey Saint-Hélier
20%
Anguilla The Valley
20%
Niue Alofi
10%
Tokelau Aucune, les 3 atolls qui se gèrent elles même
10%
Saint-Barthélemy Gustavia
10%
Guam Hagåtña
10%
Saint-Hélène, Ascension et Tristan da Cunha Jamestown
10%
Île Norfolk Kingston
10%
Sahara occidental Laâyoune
10%
Saint-Martin (partie française) Marigot
10%
Wallis-et-Futuna Mata-Utu
10%
Aruba Oranjestad
10%
Guernesey Saint Pierre Port
10%
Îles Mariannes du Nord Saipan
10%
Îles Falkland (Malvinas) Stanley
10%
Îles Féroé Tórshavn
10%
Îles Cocos (Keeling) West Island
10%
Curaçao Willemstad
10%
Îles Cook Avarua
0%
Île Christmas Flying Fish Cove
0%
Géorgie du Sud-et-les Îles Sandwich du Sud King Edward Point
0%
Svalbard et Jan Mayen Longyearbyen
0%
Sint Maarten (partie néerlandaise) Philipsburg
0%
Terres Australes et Antarctiques Française (TAAF) Saint Paul (la Réunion)
0%
Aucun quiz correspondant
Distribution des résultats
% des personnes avec chaque résultat
Percentile par nombre de réponses
Votre historique - résultats
Vous n’avez pas pris ce quiz depuis la dernière actualisation